| 000 | 00485nam a2200169Ia 4500 | ||
|---|---|---|---|
| 003 | GCL | ||
| 008 | 140319s9999 xx 000 0 ara d | ||
| 040 |
_aGCL / _cGCL |
||
| 082 | 0 | 4 |
_a811.1 _bح ب |
| 100 | 1 | _aحسين عطوان | |
| 245 | 1 | 0 |
_aبيئات الشعر الجاهلى / _cحسين عطوان |
| 300 | _a196 ص | ||
| 650 | 0 | 4 | _aالادب العربى |
| 650 | 0 | 4 | _aالعصر الجاهلى |
| 650 | 0 | 4 | _aالشعر العربى - تاريخ ونقد |
| 942 |
_2ddc _cBK |
||
| 999 |
_c42194 _d42194 |
||